[Event "EYCC Open-U14 2019"]
[Site "Bratislava"]
[Date "2019.08.08"]
[Round "7.11"]
[White "Morgunov, Marc"]
[Black "Liu, Casper"]
[Result "1-0"]
[WhiteElo "2314"]
[BlackElo "2194"]
[Annotator "NA"]
[PlyCount "129"]
[EventDate "2019.08.02"]
[EventType "swiss"]
[EventCountry "SVK"]
[SourceTitle "playchess.com"]
[Source "ChessBase"]
[SourceQuality "1"]
[TimeControl "40/5400+30:1800+30"]

1. e4 {[%emt 0:00:00]} c5 {[%emt 0:00:00]} 2. Nf3 {[%emt 0:00:00]} d6 {[%emt 0:00:00]} 3. Bb5+ {[%emt 0:00:00]} Bd7 {[%emt 0:00:00]} 4. Bxd7+ {[%emt 0:00:00]} Nxd7 {[%emt 0:00:00]} 5. c4 {[%emt 0:00:19]} Ne5 {[%emt 0:00:05]} 6. O-O {[%emt 0:04:54]} e6 {[%emt 0:04:54]} 7. Nc3 {[%emt 0:02:34]} Nf6 {[%emt 0:01:07]} 8. d3 {[%emt 0:02:52]} Be7 {[%emt 0:00:40]} 9. h3 {[%emt 0:03:20]} O-O {[%emt 0:00:52]} 10. Be3 {[%emt 0:01:10]} Rc8 {[%emt 0:00:52]} 11. b3 {[%emt 0:03:31]} Qa5 {[%emt 0:03:26]} 12. Rc1 {[%emt 0:02:25]} a6 {[%emt 0:02:22]} 13. a4 {[%emt 0:10:09]} Qb4 {[%emt 0:10:00]} 14. Nxe5 {[%emt 0:04:18]} dxe5 {[%emt 0:00:49]} 15. Qc2 {[%emt 0:00:41]} Nd7 16. Ra1 {[%emt 0:11:58]} Qb6 {[%emt 0:08:20]} 17. b4 {[%emt 0:01:33]} Qc7 {[%emt 0:04:56]} 18. b5 {[%emt 0:00:18]} a5 {[%emt 0:00:45]} 19. g3 {[%emt 0:02:12]} Bf6 {[%emt 0:02:24]} 20. h4 {[%emt 0:03:18]} Rfd8 {[%emt 0:04:18]} 21. Kg2 {[%emt 0:06:45]} b6 {[%emt 0:00:47]} 22. f3 {[%emt 0:00:32]} Nf8 {[%emt 0:02:05]} 23. Rad1 {[%emt 0:06:10]} h6 {[%emt 0:05:23]} 24. Rh1 {[%emt 0:05:29]} Qe7 {[%emt 0:05:21]} 25. Kf2 {[%emt 0:02:59]} Rd6 {[%emt 0:05:05]} 26. Ne2 {[%emt 0:04:50]} Qd8 {[%emt 0:05:02]} 27. Qd2 {[%emt 0:02:53]} h5 {[%emt 0:06:31]} 28. Nc1 {[%emt 0:01:43]} Rc7 {[%emt 0:04:45]} 29. Ke2 {[%emt 0:01:10]} Ng6 {[%emt 0:01:07]} 30. Rdg1 {[%emt 0:00:44]} Kf8 {[%emt 0:01:35]} 31. g4 {[%emt 0:05:15]} hxg4 {[%emt 0:04:48]} 32. Rxg4 {[%emt 0:00:10]} Bxh4 {[%emt 0:01:01]} 33. Rhxh4 {[%emt 0:01:23]} Nxh4 {[%emt 0:00:07]} 34. Bg5 {[%emt 0:00:04]} f6 {[%emt 0:02:30]} 35. Rxh4 {[%emt 0:01:23]} Ke7 {[%emt 0:00:55]} 36. Be3 {[%emt 0:00:47]} Qe8 {[%emt 0:03:36]} 37. Qe1 {[%emt 0:01:35]} Rd8 {[%emt 0:02:18]} 38. Qg3 {[%emt 0:02:36]} g5 {[%emt 0:02:08]} 39. Rh6 {[%emt 0:00:35]} Qf8 {[%emt 0:02:58]} 40. Qh3 {[%emt 0:00:00]} Qg8 {[%emt 0:00:00]} 41. Nb3 {[%emt 0:12:57]} Rf8 {[%emt 0:05:56]} 42. Nd2 {[%emt 0:00:19]} Kd6 {[%emt 0:02:05]} 43. Nf1 {[%emt 0:00:47]} Rd7 {[%emt 0:15:11]} 44. Nh2 {[%emt 0:01:49]} Kc7 {[%emt 0:04:32]} 45. Ng4 {[%emt 0:00:47]} Qg7 {[%emt 0:00:13]} 46. Qh5 {[%emt 0:02:37]} Qe7 {[%emt 0:03:29]} 47. Rh8 {[%emt 0:08:59]} Qg7 {[%emt 0:01:31]} 48. Rh6 {[%emt 0:01:21]} Qe7 {[%emt 0:00:05]} 49. Kf2 {[%emt 0:01:14]} Qf7 {[%emt 0:03:12]} 50. Qh2 {[%emt 0:01:11]} Qg7 {[%emt 0:00:10]} 51. Nxf6 {[%emt 0:00:42]} Rdf7 {[%emt 0:01:08]} 52. Qxe5+ {[%emt 0:00:18]} Kb7 {[%emt 0:00:15]} 53. Bxg5 {[%emt 0:00:26]} Rh8 {[%emt 0:00:41]} 54. Ng4 {[%emt 0:01:24]} Qxe5 {[%emt 0:02:32]} 55. Nxe5 Rxh6 {[%emt 0:00:07]} 56. Bxh6 {[%emt 0:00:09]} Rh7 {[%emt 0:00:05]} 57. Ng4 {[%emt 0:00:07]} Kc7 {[%emt 0:00:16]} 58. f4 {[%emt 0:00:29]} Kd6 {[%emt 0:00:13]} 59. e5+ {[%emt 0:00:59]} Kc7 {[%emt 0:01:01]} 60. Ke3 {[%emt 0:00:26]} Rd7 {[%emt 0:00:35]} 61. Nf6 {[%emt 0:00:22]} Rd8 {[%emt 0:00:41]} 62. Bg7 {[%emt 0:00:21]} Kc8 {[%emt 0:00:28]} 63. f5 {[%emt 0:00:50]} exf5 {[%emt 0:00:07]} 64. Nd5 {[%emt 0:00:07]} Rg8 {[%emt 0:00:23]} 65. Ne7+ {[%emt 0:00:05]} 1-0

[Event "EYCC Open-U14 2019"]
[Site "Bratislava"]
[Date "2019.08.08"]
[Round "7.12"]
[White "Vojta, Jakub"]
[Black "Kristoferitsch, Daniel"]
[Result "0-1"]
[WhiteElo "2238"]
[BlackElo "2108"]
[Annotator "NA"]
[PlyCount "118"]
[EventDate "2019.08.02"]
[EventType "swiss"]
[EventCountry "SVK"]
[SourceTitle "playchess.com"]
[Source "ChessBase"]
[SourceQuality "1"]
[TimeControl "40/5400+30:1800+30"]

1. e4 {[%emt 0:00:00]} e5 {[%emt 0:00:00]} 2. Nf3 {[%emt 0:00:38]} Nc6 {[%emt 0:00:00]} 3. d4 {[%emt 0:02:19]} exd4 {[%emt 0:00:00]} 4. Bc4 {[%emt 0:00:06]} Bc5 {[%emt 0:00:00]} 5. O-O {[%emt 0:05:09]} d6 {[%emt 0:00:11]} 6. Bf4 {[%emt 0:07:55]} Nf6 {[%emt 0:13:14]} 7. h3 {[%emt 0:16:35]} Nxe4 {[%emt 0:16:56]} 8. Re1 {[%emt 0:00:40]} d5 {[%emt 0:00:08]} 9. Bxd5 {[%emt 0:00:34]} Qxd5 {[%emt 0:00:12]} 10. Nc3 {[%emt 0:00:06]} Qd8 {[%emt 0:09:33]} 11. Nxe4 {[%emt 0:00:18]} Be7 {[%emt 0:00:45]} 12. c3 {[%emt 0:08:07]} O-O {[%emt 0:13:12]} 13. cxd4 {[%emt 0:01:08]} Nb4 {[%emt 0:00:06]} 14. a3 {[%emt 0:05:30]} Nd5 {[%emt 0:00:10]} 15. Bh2 {[%emt 0:00:09]} c6 {[%emt 0:04:39]} 16. Rc1 {[%emt 0:01:42]} Bf5 {[%emt 0:05:58]} 17. Nc5 {[%emt 0:03:46]} b6 {[%emt 0:00:56]} 18. Nd3 {[%emt 0:00:46]} Rc8 {[%emt 0:01:07]} 19. b4 {[%emt 0:05:00]} Qd7 {[%emt 0:01:44]} 20. Nde5 {[%emt 0:03:39]} Qb7 {[%emt 0:00:29]} 21. Qa4 {[%emt 0:01:42]} b5 {[%emt 0:06:43]} 22. Qb3 {[%emt 0:00:34]} Rfd8 {[%emt 0:02:59]} 23. Nd3 {[%emt 0:04:05]} Bxd3 {[%emt 0:01:12]} 24. Qxd3 {[%emt 0:00:07]} a5 {[%emt 0:00:09]} 25. bxa5 {[%emt 0:02:09]} Qa6 {[%emt 0:05:54]} 26. Ne5 {[%emt 0:17:14]} Qxa5 {[%emt 0:01:18]} 27. Qf5 {[%emt 0:01:04]} Bf6 {[%emt 0:01:27]} 28. Qf3 {[%emt 0:05:08]} Qb6 {[%emt 0:04:32]} 29. Rc5 {[%emt 0:00:47]} Ne7 {[%emt 0:01:44]} 30. Qe4 {[%emt 0:00:57]} Rd5 {[%emt 0:01:44]} 31. Nxc6 {[%emt 0:03:15]} Rxc5 {[%emt 0:00:06]} 32. Nxe7+ {[%emt 0:00:51]} Bxe7 {[%emt 0:00:08]} 33. dxc5 {[%emt 0:00:41]} Bxc5 {[%emt 0:00:11]} 34. Qf3 {[%emt 0:00:30]} Qa5 {[%emt 0:02:41]} 35. Rd1 {[%emt 0:02:37]} Bxa3 {[%emt 0:03:19]} 36. Be5 {[%emt 0:01:13]} Bf8 {[%emt 0:01:19]} 37. Qf5 {[%emt 0:00:54]} Rd8 {[%emt 0:00:56]} 38. Rc1 {[%emt 0:00:13]} b4 {[%emt 0:01:18]} 39. f4 {[%emt 0:00:50]} Qd5 {[%emt 0:00:52]} 40. Qc2 {[%emt 0:00:00]} b3 {[%emt 0:00:00]} 41. Qc4 {[%emt 0:02:53]} Qxc4 {[%emt 0:10:58]} 42. Rxc4 {[%emt 0:00:03]} Ba3 {[%emt 0:00:27]} 43. Re4 {[%emt 0:01:04]} b2 {[%emt 0:00:48]} 44. Re1 {[%emt 0:00:05]} Rc8 {[%emt 0:00:12]} 45. Kf2 {[%emt 0:00:13]} Rc1 {[%emt 0:04:02]} 46. Bxb2 {[%emt 0:00:04]} Rxe1 {[%emt 0:00:06]} 47. Bxa3 {[%emt 0:00:03]} Rb1 {[%emt 0:00:25]} 48. Bc5 {[%emt 0:00:12]} Rb3 {[%emt 0:01:06]} 49. Bd4 {[%emt 0:00:23]} f5 {[%emt 0:01:53]} 50. Be5 {[%emt 0:00:12]} g6 {[%emt 0:00:06]} 51. Kg1 {[%emt 0:00:24]} Kf7 {[%emt 0:00:34]} 52. Kh2 {[%emt 0:00:05]} Ke6 {[%emt 0:00:10]} 53. g4 {[%emt 0:00:14]} Kd5 {[%emt 0:00:11]} 54. Kg2 {[%emt 0:00:15]} Ke4 {[%emt 0:00:07]} 55. Bd6 {[%emt 0:00:19]} Rf3 {[%emt 0:00:33]} 56. gxf5 {[%emt 0:00:04]} gxf5 {[%emt 0:00:05]} 57. Be5 {[%emt 0:00:05]} Rxf4 {[%emt 0:02:18]} 58. Bxf4 {[%emt 0:00:08]} Kxf4 {[%emt 0:00:01]} 59. Kf2 {[%emt 0:00:01]} h6 {[%emt 0:00:10]} 0-1

[Event "EYCC Open-U14 2019"]
[Site "Bratislava"]
[Date "2019.08.08"]
[Round "7.13"]
[White "Levin, Guy"]
[Black "Razafindratsima, Timothe"]
[Result "1-0"]
[WhiteElo "2005"]
[BlackElo "2178"]
[Annotator "NA"]
[PlyCount "101"]
[EventDate "2019.08.02"]
[EventType "swiss"]
[EventCountry "SVK"]
[SourceTitle "playchess.com"]
[Source "ChessBase"]
[SourceQuality "1"]
[TimeControl "40/5400+30:1800+30"]

1. Nf3 {[%emt 0:00:00]} c5 {[%emt 0:00:00]} 2. c4 {[%emt 0:00:00]} Nc6 {[%emt 0:00:00]} 3. Nc3 {[%emt 0:00:11]} g6 {[%emt 0:00:00]} 4. g3 {[%emt 0:00:35]} Bg7 {[%emt 0:00:04]} 5. Bg2 {[%emt 0:00:02]} e6 {[%emt 0:00:09]} 6. O-O {[%emt 0:04:44]} Nge7 {[%emt 0:00:16]} 7. e3 {[%emt 0:04:49]} O-O {[%emt 0:00:59]} 8. d4 {[%emt 0:00:39]} d6 {[%emt 0:00:59]} 9. b3 {[%emt 0:02:33]} cxd4 {[%emt 0:02:21]} 10. Nxd4 {[%emt 0:00:20]} Nxd4 {[%emt 0:03:01]} 11. exd4 {[%emt 0:00:56]} Nf5 {[%emt 0:00:14]} 12. Ne2 {[%emt 0:04:08]} Rb8 {[%emt 0:00:18]} 13. Qd3 {[%emt 0:14:36]} Bd7 {[%emt 0:02:48]} 14. Rb1 {[%emt 0:09:27]} b5 {[%emt 0:01:27]} 15. c5 {[%emt 0:00:41]} Qc7 {[%emt 0:01:40]} 16. Bf4 {[%emt 0:11:19]} e5 {[%emt 0:00:18]} 17. dxe5 {[%emt 0:00:19]} dxe5 {[%emt 0:00:26]} 18. c6 {[%emt 0:03:05]} Bxc6 {[%emt 0:01:18]} 19. Rbc1 {[%emt 0:01:05]} Qd7 {[%emt 0:01:33]} 20. Qxd7 {[%emt 0:01:02]} Bxd7 {[%emt 0:00:03]} 21. Rc7 {[%emt 0:00:08]} Be6 {[%emt 0:01:17]} 22. Bd2 {[%emt 0:02:51]} Rbc8 {[%emt 0:01:18]} 23. Rfc1 {[%emt 0:01:04]} Rxc7 {[%emt 0:00:19]} 24. Rxc7 {[%emt 0:00:04]} Rd8 {[%emt 0:00:05]} 25. Bb4 {[%emt 0:01:41]} Rd1+ {[%emt 0:09:49]} 26. Bf1 {[%emt 0:00:01]} Nd4 {[%emt 0:02:32]} 27. Nc3 {[%emt 0:01:11]} Ra1 {[%emt 0:02:16]} 28. Kg2 {[%emt 0:01:46]} Nc2 {[%emt 0:01:43]} 29. Bd6 {[%emt 0:00:58]} Ne1+ {[%emt 0:00:15]} 30. Kg1 {[%emt 0:00:02]} h5 {[%emt 0:13:51]} 31. h4 {[%emt 0:02:52]} b4 {[%emt 0:02:05]} 32. Ne4 {[%emt 0:05:16]} Bd5 {[%emt 0:03:23]} 33. Rc8+ {[%emt 0:01:55]} Kh7 {[%emt 0:00:09]} 34. Ng5+ {[%emt 0:00:02]} Kh6 {[%emt 0:00:08]} 35. Bxb4 {[%emt 0:01:08]} f6 {[%emt 0:11:59]} 36. Rd8 {[%emt 0:03:11]} Bc6 {[%emt 0:12:49]} 37. Rc8 {[%emt 0:00:57]} Bd7 {[%emt 0:00:25]} 38. Rc7 {[%emt 0:00:19]} Bg4 {[%emt 0:00:44]} 39. Bf8 {[%emt 0:00:15]} Nf3+ {[%emt 0:00:18]} 40. Kg2 {[%emt 0:00:00]} Ne1+ {[%emt 0:00:00]} 41. Kh1 {[%emt 0:01:53]} fxg5 {[%emt 0:01:39]} 42. Bxg7+ {[%emt 0:00:07]} Kh7 {[%emt 0:00:06]} 43. Bxe5+ {[%emt 0:00:08]} Kg8 {[%emt 0:00:05]} 44. Bxa1 {[%emt 0:00:07]} gxh4 {[%emt 0:00:05]} 45. Bc4+ {[%emt 0:00:50]} Kf8 {[%emt 0:00:04]} 46. gxh4 {[%emt 0:00:52]} Nf3 {[%emt 0:00:05]} 47. Bf6 {[%emt 0:00:39]} Bf5 {[%emt 0:00:09]} 48. Rxa7 {[%emt 0:00:31]} Be4 {[%emt 0:00:03]} 49. Rf7+ {[%emt 0:00:09]} Kg8 {[%emt 0:00:12]} 50. Rg7+ {[%emt 0:00:12]} Kh8 {[%emt 0:00:04]} 51. Rb7# {[%emt 0:00:13]} 1-0

[Event "EYCC Open-U14 2019"]
[Site "Bratislava"]
[Date "2019.08.08"]
[Round "7.14"]
[White "Tsaruk, Maksim"]
[Black "Unneland, Mathias"]
[Result "1-0"]
[WhiteElo "2230"]
[BlackElo "1966"]
[Annotator "NA"]
[PlyCount "61"]
[EventDate "2019.08.02"]
[EventType "swiss"]
[EventCountry "SVK"]
[SourceTitle "playchess.com"]
[Source "ChessBase"]
[SourceQuality "1"]
[TimeControl "40/5400+30:1800+30"]

1. e4 {[%emt 0:00:00]} e6 {[%emt 0:00:00]} 2. d4 {[%emt 0:00:00]} d5 {[%emt 0:00:00]} 3. Nd2 {[%emt 0:00:00]} c5 {[%emt 0:00:00]} 4. exd5 {[%emt 0:00:00]} Qd7 {[%emt 0:00:00]} 5. dxc5 {[%emt 0:00:00]} Qxd5 {[%emt 0:01:40]} 6. Ngf3 {[%emt 0:00:00]} Nf6 {[%emt 0:00:58]} 7. Be2 Bxc5 8. Bc4 {[%emt 0:00:35]} Qd8 {[%emt 0:05:40]} 9. Qe2 {[%emt 0:00:23]} a6 {[%emt 0:02:24]} 10. O-O {[%emt 0:02:36]} Nbd7 {[%emt 0:03:35]} 11. a4 {[%emt 0:06:39]} b6 {[%emt 0:05:50]} 12. Ne4 {[%emt 0:05:22]} Nxe4 {[%emt 0:05:10]} 13. Qxe4 {[%emt 0:00:05]} Rb8 {[%emt 0:03:37]} 14. Qe2 {[%emt 0:43:07]} Ra8 {[%emt 0:07:34]} 15. Qe4 {[%emt 0:00:01]} Rb8 {[%emt 0:00:22]} 16. Qe2 {[%emt 0:03:31]} Ra8 {[%emt 0:00:52]} 17. Rd1 {[%emt 0:00:01]} Qc7 {[%emt 0:03:47]} 18. Bd3 {[%emt 0:07:07]} Bb7 {[%emt 0:03:49]} 19. Bg5 {[%emt 0:01:59]} Bd6 {[%emt 0:02:11]} 20. Be4 {[%emt 0:00:28]} Nc5 {[%emt 0:01:53]} 21. Bxb7 {[%emt 0:00:28]} Nxb7 {[%emt 0:00:09]} 22. Rd4 {[%emt 0:01:33]} O-O {[%emt 0:10:33]} 23. Rad1 {[%emt 0:00:03]} Rfe8 {[%emt 0:00:38]} 24. Rc4 {[%emt 0:06:54]} Qb8 {[%emt 0:00:29]} 25. c3 {[%emt 0:02:09]} f6 {[%emt 0:08:16]} 26. Be3 {[%emt 0:02:00]} Nc5 {[%emt 0:07:40]} 27. a5 {[%emt 0:02:14]} e5 {[%emt 0:04:57]} 28. axb6 {[%emt 0:01:00]} e4 {[%emt 0:00:26]} 29. Bxc5 {[%emt 0:00:38]} exf3 {[%emt 0:00:24]} 30. Qxf3 {[%emt 0:00:07]} Bxh2+ {[%emt 0:02:58]} 31. Kh1 {[%emt 0:00:14]} 1-0

[Event "EYCC Open-U14 2019"]
[Site "Bratislava"]
[Date "2019.08.08"]
[Round "7.15"]
[White "Pasztor, Balazs"]
[Black "Bochnicka, Vladimir"]
[Result "1-0"]
[WhiteElo "2140"]
[BlackElo "2169"]
[Annotator "NA"]
[PlyCount "67"]
[EventDate "2019.08.02"]
[EventType "swiss"]
[EventCountry "SVK"]
[SourceTitle "playchess.com"]
[Source "ChessBase"]
[SourceQuality "1"]
[TimeControl "40/5400+30:1800+30"]

1. e4 {[%emt 0:00:00]} e5 {[%emt 0:00:00]} 2. Nf3 {[%emt 0:00:00]} Nf6 {[%emt 0:00:00]} 3. Nxe5 {[%emt 0:00:00]} d6 {[%emt 0:00:00]} 4. Nf3 {[%emt 0:00:11]} Nxe4 {[%emt 0:00:00]} 5. Bd3 {[%emt 0:00:12]} Nc5 {[%emt 0:16:20]} 6. Be2 {[%emt 0:00:22]} Be7 {[%emt 0:01:13]} 7. d4 {[%emt 0:01:27]} Ne4 {[%emt 0:04:23]} 8. O-O {[%emt 0:03:26]} O-O {[%emt 0:01:34]} 9. c4 {[%emt 0:03:17]} Bf5 {[%emt 0:07:38]} 10. Re1 {[%emt 0:06:31]} d5 {[%emt 0:05:43]} 11. Qb3 {[%emt 0:08:13]} dxc4 {[%emt 0:09:40]} 12. Qxb7 {[%emt 0:08:20]} Nd7 {[%emt 0:00:40]} 13. Qc6 {[%emt 0:05:30]} Nd6 {[%emt 0:08:34]} 14. Bxc4 {[%emt 0:13:21]} Rb8 {[%emt 0:08:05]} 15. Bb3 {[%emt 0:05:49]} Bf6 {[%emt 0:10:03]} 16. Bf4 {[%emt 0:04:07]} Rb6 {[%emt 0:02:04]} 17. Qc1 {[%emt 0:01:26]} Nb5 {[%emt 0:10:54]} 18. Be3 {[%emt 0:09:27]} Rd6 {[%emt 0:06:14]} 19. Nc3 {[%emt 0:02:54]} c6 {[%emt 0:02:20]} 20. Bf4 {[%emt 0:02:32]} Rxd4 {[%emt 0:01:13]} 21. Nxb5 {[%emt 0:01:59]} cxb5 {[%emt 0:00:31]} 22. Nxd4 {[%emt 0:00:31]} Bxd4 {[%emt 0:00:01]} 23. Bd6 {[%emt 0:04:37]} Qh4 {[%emt 0:02:29]} 24. Qd2 {[%emt 0:01:34]} Rc8 {[%emt 0:01:27]} 25. Re7 {[%emt 0:03:23]} Nf6 {[%emt 0:00:48]} 26. Rxf7 {[%emt 0:03:12]} Kh8 {[%emt 0:00:00]} 27. Bg3 {[%emt 0:01:22]} Qg4 {[%emt 0:00:29]} 28. Rd1 {[%emt 0:01:39]} Re8 {[%emt 0:00:43]} 29. h3 {[%emt 0:01:24]} Qxg3 {[%emt 0:00:31]} 30. Qxd4 {[%emt 0:00:10]} Qg6 {[%emt 0:00:08]} 31. Qd8 {[%emt 0:03:29]} h6 {[%emt 0:00:52]} 32. Qxe8+ {[%emt 0:01:05]} Kh7 {[%emt 0:00:45]} 33. Qe3 {[%emt 0:00:29]} Be4 {[%emt 0:00:16]} 34. Qg3 {[%emt 0:00:13]} 1-0

[Event "EYCC Open-U14 2019"]
[Site "Bratislava"]
[Date "2019.08.08"]
[Round "7.16"]
[White "Poltorak, Sebastian"]
[Black "Yaniv, Yuval"]
[Result "0-1"]
[WhiteElo "2068"]
[BlackElo "2135"]
[Annotator "NA"]
[PlyCount "62"]
[EventDate "2019.08.02"]
[EventType "swiss"]
[EventCountry "SVK"]
[SourceTitle "playchess.com"]
[Source "ChessBase"]
[SourceQuality "1"]
[TimeControl "40/5400+30:1800+30"]

1. d4 {[%emt 0:00:00]} Nf6 {[%emt 0:00:00]} 2. c4 {[%emt 0:00:00]} e6 {[%emt 0:01:52]} 3. Nc3 {[%emt 0:00:00]} d5 {[%emt 0:01:17]} 4. cxd5 {[%emt 0:00:27]} exd5 {[%emt 0:00:41]} 5. Bg5 {[%emt 0:00:11]} c6 {[%emt 0:00:14]} 6. e3 {[%emt 0:00:26]} h6 {[%emt 0:01:18]} 7. Bh4 {[%emt 0:00:18]} Be6 {[%emt 0:01:07]} 8. Bd3 {[%emt 0:00:29]} Nbd7 {[%emt 0:00:40]} 9. Nge2 {[%emt 0:00:47]} g5 {[%emt 0:02:08]} 10. Bg3 {[%emt 0:00:09]} Nh5 {[%emt 0:00:45]} 11. Qc2 {[%emt 0:03:38]} Nxg3 {[%emt 0:01:20]} 12. Nxg3 {[%emt 0:02:29]} h5 {[%emt 0:01:06]} 13. Bf5 {[%emt 0:03:40]} Qf6 {[%emt 0:04:06]} 14. O-O-O {[%emt 0:07:56]} h4 {[%emt 0:05:10]} 15. Bxe6 {[%emt 0:00:08]} fxe6 {[%emt 0:00:23]} 16. Nf1 {[%emt 0:00:38]} Bg7 {[%emt 0:09:07]} 17. e4 {[%emt 0:03:51]} O-O {[%emt 0:03:26]} 18. f3 {[%emt 0:01:50]} c5 {[%emt 0:03:15]} 19. exd5 {[%emt 0:12:42]} cxd4 {[%emt 0:00:29]} 20. Ne4 {[%emt 0:00:42]} Qe5 {[%emt 0:12:25]} 21. Kb1 {[%emt 0:09:41]} exd5 {[%emt 0:00:37]} 22. Nf2 {[%emt 0:00:31]} Rac8 {[%emt 0:01:45]} 23. Ng4 {[%emt 0:02:14]} Rxc2 {[%emt 0:01:36]} 24. Nxe5 {[%emt 0:00:11]} Rfc8 {[%emt 0:00:39]} 25. Nd3 {[%emt 0:03:41]} Ne5 {[%emt 0:04:02]} 26. Ne1 {[%emt 0:01:16]} d3 {[%emt 0:01:29]} 27. Ne3 {[%emt 0:02:12]} Re2 {[%emt 0:00:38]} 28. Nf5 {[%emt 0:00:49]} Rcc2 {[%emt 0:04:55]} 29. Nxd3 {[%emt 0:03:33]} Nxd3 {[%emt 0:00:25]} 30. Rxd3 {[%emt 0:00:09]} Rxb2+ {[%emt 0:00:09]} 31. Kc1 {[%emt 0:00:07]} Rxa2 {[%emt 0:00:37]} 0-1

[Event "EYCC Open-U14 2019"]
[Site "Bratislava"]
[Date "2019.08.08"]
[Round "7.17"]
[White "Shoshin, Kirill"]
[Black "Talibov, Shiroghlan"]
[Result "0-1"]
[WhiteElo "2089"]
[BlackElo "1882"]
[Annotator "NA"]
[PlyCount "38"]
[EventDate "2019.08.02"]
[EventType "swiss"]
[EventCountry "SVK"]
[SourceTitle "playchess.com"]
[Source "ChessBase"]
[SourceQuality "1"]
[TimeControl "40/5400+30:1800+30"]

1. d4 {[%emt 0:00:00]} Nf6 {[%emt 0:00:00]} 2. Bg5 {[%emt 0:00:00]} e6 {[%emt 0:00:33]} 3. e4 {[%emt 0:00:00]} h6 {[%emt 0:00:04]} 4. Bxf6 {[%emt 0:00:00]} Qxf6 {[%emt 0:00:05]} 5. Nc3 {[%emt 0:00:04]} Bb4 {[%emt 0:02:42]} 6. Nge2 {[%emt 0:04:21]} d5 {[%emt 0:04:48]} 7. a3 {[%emt 0:03:00]} Bxc3+ {[%emt 0:02:41]} 8. Nxc3 {[%emt 0:00:14]} c6 {[%emt 0:01:55]} 9. g3 {[%emt 0:02:02]} b6 {[%emt 0:03:29]} 10. Bg2 {[%emt 0:00:17]} Ba6 {[%emt 0:00:26]} 11. Qd2 {[%emt 0:02:29]} O-O {[%emt 0:02:09]} 12. O-O-O {[%emt 0:00:18]} Rd8 {[%emt 0:01:37]} 13. f4 {[%emt 0:00:56]} Bb7 {[%emt 0:01:43]} 14. g4 {[%emt 0:05:10]} Qe7 {[%emt 0:07:30]} 15. e5 {[%emt 0:02:21]} c5 {[%emt 0:02:06]} 16. Ne2 {[%emt 0:04:03]} Nc6 {[%emt 0:00:40]} 17. f5 {[%emt 0:07:32]} Qg5 {[%emt 0:04:44]} 18. Nf4 {[%emt 0:04:53]} Nxd4 {[%emt 0:03:28]} 19. h4 {[%emt 0:00:20]} Qxf4 {[%emt 0:00:13]} 0-1

[Event "EYCC Open-U14 2019"]
[Site "Bratislava"]
[Date "2019.08.08"]
[Round "7.18"]
[White "Grigoryan, Aram"]
[Black "Dzida, Kamil"]
[Result "1-0"]
[WhiteElo "1947"]
[BlackElo "1987"]
[Annotator "NA"]
[PlyCount "75"]
[EventDate "2019.08.02"]
[EventType "swiss"]
[EventCountry "SVK"]
[SourceTitle "playchess.com"]
[Source "ChessBase"]
[SourceQuality "1"]
[TimeControl "40/5400+30:1800+30"]

1. d4 {[%emt 0:00:53]} Nf6 {[%emt 0:00:00]} 2. c4 {[%emt 0:00:05]} e6 {[%emt 0:00:00]} 3. Nc3 {[%emt 0:00:03]} Bb4 {[%emt 0:00:00]} 4. e3 {[%emt 0:00:04]} O-O {[%emt 0:00:00]} 5. Nge2 {[%emt 0:00:05]} Re8 {[%emt 0:00:00]} 6. a3 {[%emt 0:00:19]} Bf8 {[%emt 0:00:05]} 7. Ng3 {[%emt 0:01:17]} d5 {[%emt 0:00:16]} 8. cxd5 {[%emt 0:05:00]} exd5 {[%emt 0:00:07]} 9. Bd3 {[%emt 0:00:03]} Nbd7 {[%emt 0:04:45]} 10. O-O {[%emt 0:00:32]} b6 {[%emt 0:01:22]} 11. b4 {[%emt 0:06:22]} c6 {[%emt 0:01:35]} 12. Qb3 {[%emt 0:12:11]} g6 {[%emt 0:04:02]} 13. Bd2 {[%emt 0:04:56]} Bb7 {[%emt 0:00:00]} 14. Rfc1 {[%emt 0:02:12]} Bg7 {[%emt 0:21:01]} 15. Rab1 h5 {[%emt 0:03:47]} 16. h3 {[%emt 0:09:50]} Qe7 {[%emt 0:05:40]} 17. a4 {[%emt 0:07:56]} Rab8 {[%emt 0:02:28]} 18. Qa2 {[%emt 0:11:58]} Rec8 {[%emt 0:15:14]} 19. a5 {[%emt 0:06:49]} Bf8 {[%emt 0:13:54]} 20. Na4 {[%emt 0:04:23]} h4 {[%emt 0:01:00]} 21. Nf1 {[%emt 0:03:04]} Ne4 {[%emt 0:00:25]} 22. Be1 {[%emt 0:00:17]} Bh6 {[%emt 0:05:48]} 23. Rb2 {[%emt 0:07:16]} c5 {[%emt 0:03:33]} 24. bxc5 {[%emt 0:01:54]} bxc5 {[%emt 0:01:41]} 25. dxc5 {[%emt 0:00:04]} Ndxc5 {[%emt 0:00:58]} 26. Nxc5 {[%emt 0:00:05]} Nxc5 {[%emt 0:00:40]} 27. Bb4 {[%emt 0:02:17]} Bf8 {[%emt 0:02:44]} 28. Qa3 {[%emt 0:01:55]} d4 {[%emt 0:01:48]} 29. Rxc5 {[%emt 0:05:00]} Rxc5 {[%emt 0:05:31]} 30. Bxc5 {[%emt 0:00:27]} Qg5 {[%emt 0:01:12]} 31. Rxb7 {[%emt 0:00:05]} Rxb7 {[%emt 0:00:04]} 32. Bxf8 {[%emt 0:00:06]} dxe3 {[%emt 0:00:03]} 33. Bc5 {[%emt 0:00:31]} exf2+ {[%emt 0:00:03]} 34. Bxf2 {[%emt 0:00:05]} Rd7 {[%emt 0:00:13]} 35. Be2 {[%emt 0:00:39]} Rd5 {[%emt 0:00:10]} 36. a6 {[%emt 0:00:11]} Re5 {[%emt 0:00:06]} 37. Qd3 {[%emt 0:00:30]} Kh7 {[%emt 0:00:11]} 38. Bxa7 {[%emt 0:00:12]} 1-0